000 03025cam a2200541 i 4500
001 on1402019844
003 OCoLC
005 20250905011253.0
008 231008t20232023sp b 000 1 spa d
020 _a8419252484
_q(paperback)
020 _a9788419252487
_q(paperback)
037 _bSpanish Pubs Llc, 8871 Sw 129 Ter, Miami, FL, USA, 33176, (305)2333365
_nSAN 760-7903
040 _aYDX
_beng
_erda
_cYDX
_dOCLCO
_dJQF
_dOCLCO
_dJTH
_dB@L
_dOJ4
_dSFR
_dUtOrBLW
041 1 _aspa
_heng
092 _aSPANISH F
_bARMENTRO
100 1 _aArmentrout, Jennifer L.,
_eauthor.
240 1 0 _aSoul of ash and blood.
_lSpanish.
245 1 3 _aUn alma de ceniza y sangre /
_cJennifer L. Armentrout ; traducci©đn de Guiomar Manso de Z©ð©łiga.
250 _a1.a edici©đn.
264 1 _aMadrid :
_bPuck :
_bUrano World Spain,
_c2023.
264 4 _c℗♭2023.
300 _a761 pages :
_bmap ;
_c22 cm.
336 _atext
_btxt
_2rdacontent.
337 _aunmediated
_bn
_2rdamedia.
338 _avolume
_bnc
_2rdacarrier.
490 1 _aDe sangre y cenizas ;
_v5.
500 _aT©Ưtulo original: Soul of ash and blood.
500 _a"Romantasy"--Contraportada.
520 _a"Un gran poder primigenio ha surgido. La Reina se Carne y Fuego se ha convertido en la Primigenia de Sangre y Hueso, la verdadera Primigenia de la Vida y la Muerte. Y la batalla que Casteel, Poppy y sus aliados han estado librando solo acaba de empezar. Los dioses se est©Łn despertando por todo Iliseeum y en el mundo mortal, prepar©Łndose para la guerra que se avecina. Pero cuando Poppy cae en un profundo sue©ło... Cas debe enfrentarse a una posibilidad muy real: las extremas e inesperadas consecuencias de aquello en lo que Poppy se est©Ł convirtiendo podr©Ưan arrebat©Łrsela. Sin embargo, Cas recibe un consejo al que planea aferrarse mientras espera a que los preciosos ojos de su amada vuelvan a abrirse: Habla con ella. As©Ư que eso hace. Le recuerda a Poppy c©đmo empez©đ su viaje juntos y, en el proceso, revela cosas sobre s©Ư mismo que solo Kieran conoce. No obstante, es imposible saber qu©♭ encontrar©Ł Poppy al desperatar y en qu©♭ medida habr©Łn cambiado el mundo y Cas cuando lo haga"--Contraportada.
546 _aText in Spanish. En espa©łol.
650 0 _aGood and evil
_vFiction.
650 0 _aMagic
_vFiction.
650 0 _aMan-woman relationships
_vFiction.
650 0 _aFate and fatalism
_vFiction.
650 7 _aBien y mal
_vNovela.
_2qlsp.
650 7 _aMagia
_vNovela.
_2qlsp.
650 7 _aRelaciones hombre-mujer
_vNovela.
_2qlsp.
650 7 _aDestino y fatalismo
_vNovela.
_2qlsp.
655 7 _aFantasy fiction.
_2lcgft.
655 7 _aRomance fiction.
_2lcgft.
655 7 _aParanormal fiction.
_2lcgft.
655 7 _aNovela fant©Łstica.
_2bidex.
655 7 _aNovela rom©Łntica.
_2bidex.
655 4 _aNovela paranormal.
700 1 _aManso de Z©ð©łiga, Guiomar,
_etranslator.
800 1 _aArmentrout, Jennifer L.
_tBlood and ash.
_lSpanish ;
_v5.
942 _cK
999 _c31114
_d31112